| 000 | 00488nam a2200169Ia 4500 | ||
|---|---|---|---|
| 008 | 240729s9999 xx 000 0 und d | ||
| 022 | _a2372-7705 | ||
| 245 | 0 | _aMolecular Therapy: Oncolytics | |
| 260 | _aUnited Kingdom | ||
| 260 | _bElsevier | ||
| 650 | _a Internal medicine | ||
| 650 | _a Neoplasms. Tumors. Oncology. Including cancer and carcinogens | ||
| 650 | _aMedicine | ||
| 856 | _uhttps://doaj.org/toc/b32b2d155ca64ce187b2d2d659567f2b | ||
| 942 | _2ddc | ||
| 942 | _cDOAJEJ | ||
| 999 |
_c72415 _d72415 |
||
| 945 |
_a1 _bMadushi Gamage _c1 _dMadushi Gamage |
||